000 00415nam a22001697a 4500
005 20251108170640.0
008 250721s1977 xx 000 0 eng d
082 1 4 _a956.65/HAW
100 1 _aHawley, Donald
245 1 0 _aOman & its renaissance /
264 1 _aLondon :
_bStacy International,
_c1977.
300 _a256p : ill , map
650 1 7 _aOman
650 1 7 _aHistory
942 _2ddc
_cBK
999 _c45663
_d45663